000 00752nam a2200181 i 4500
001 165590
003 ES-MaACL
005 20230906213153.0
008 050826s1889 sp |||| ||spa d
080 _a821.134.2-14"18"
100 1 _aSoto y Corro, Carolina de.
_9132842
245 1 3 _aEl diablo en el púlpito /
_cC. de Soto y Corro.
260 _aMadrid :
_b[s.n.],
_c1889 (
_fEst. tipográfico Sucesores de Rivadeneyra)
300 _a29 p. ;
_c19 cm.
530 _aDisponible también en sitio web.
852 _aES-MaACL
_jT-599-F-5
_z-- Enc. hol. conservando la cub. original
_z-- Enc. en un vol. facticio
856 _uhttp://bibliotecadigitalhispanica.bne.es:80/webclient/DeliveryManager?pid=2689080&custom_att_2=simple_viewer
_zIr a la página
999 _c165590
_d165590